[Event "Reykjavik op"]
[Site "Reykjavik"]
[Date "2015.03.13"]
[Round "5"]
[White "Mamedyarov, Shakhriyar"]
[Black "Gretarsson, Hjorvar Steinn"]
[Result "1-0"]
[WhiteElo "2756"]
[BlackElo "2554"]
[Annotator "Sagar Shah"]
[PlyCount "51"]
[EventDate "2015.03.10"]
[EventType "swiss"]
[EventRounds "10"]
[EventCountry "ISL"]
[SourceTitle "CBM 166"]
[Source "ChessBase"]
[SourceDate "2015.05.11"]
[SourceVersion "1"]
[SourceVersionDate "2015.05.11"]
[SourceQuality "1"]

{With this win, Mamedyarov became the sole leader of the Reykjavik Open with 5/
5. The thing that is most impressive about this game is not just the fact that
Mamedyarov beat a strong 2554 opponent in just 26 moves but that all his moves
were just so precise. His opponent did make mistakes but there was not even
one sub-optimal move from Mamedyarov's end. All of them were the engine's
first choice.} 1. d4 d5 2. c4 e6 3. Nf3 Nf6 4. Nc3 Be7 5. Bf4 {The Bf4
variation in QGD was always popular and its occurrence has increased after
Vishy Anand used it successfully in the World Championship 2014 against Magnus
Carlsen.} O-O 6. e3 Nbd7 (6... c5 {is the other main line.}) 7. Qc2 {This is
not as popular as 7.c5 but is an important alternative and leads to a much
more fluid positions in the centre.} (7. c5 {gaining space was Anand's choice.}
) 7... c5 8. Rd1 Qa5 (8... cxd4 {is the other option and White replies with} 9.
Rxd4 $1 {It's not often that you see a rook standing on such a central square
after just nine moves of the opening.} Qa5 10. Bg3 Nb6 11. Nd2 dxc4 12. Bxc4
Nxc4 13. Nxc4 Qa6 14. O-O $14 {White's superior development gives him an edge
over Black's double bishop advantage.}) 9. Nd2 {This move is quite common in
the Cambridge Springs variation of the QGD. But there the pawn is on c6 and
here the Black pawn is on c5. The fluidity of the central pawn structure
somehow makes me feel that moving the same piece again in the opening might
not be such a great idea but White would like to break the pin on the
c3-knight, at the same time he is ready to take on c4 with his knight and Nb3
could be possible in some cases.} cxd4 10. exd4 {Black is ahead in development.
White has his pieces clumsily placed. What exactly is the rook doing on d1?
But praxis and experience has shown that slowly White will unwind and he will
find his pieces on exactly the squares he wanted them to be on. Precisely what
happens in this game but I have come up with an improvement for the black side.
} dxc4 {Just about everyone has taken on c4. The question to be asked is, Why
should one take on c4 and speed up White's development? Let's have a look at
the other options.} (10... b6 $2 11. Nb3 Qa6 12. cxd5 $16 {is no good.}) (10...
Nb6 $2 11. Nb3 {leads to huge material losses or traps the queen.} Qa6 12. cxd5
Nc4 13. d6 $18) (10... Bb4 $6 11. Bd3 $14) (10... Nb8 $5 $146 {is the
improvement that I suggest. The knight is relocated to the ideal c6-square.}
11. Nb3 (11. Bd3 Nc6 {developing with a tempo and attacking the d4-pawn.} 12.
Nb3 (12. cxd5 Nb4 $17) 12... Qd8 13. a3 dxc4 14. Bxc4 Nd5 15. Nxd5 exd5 16. Bd3
g6 $11) 11... Qd8 12. c5 b6 $132 {Black seems to be doing fine! We might see
this move 10...Nb8 in some top level game pretty soon! :)}) 11. Nxc4 Qd8 (11...
Qf5 12. Qxf5 exf5 13. Be2 $14 {gives White a very strong central passer.}) 12.
Bd3 Nb6 13. O-O Nxc4 $6 (13... Nbd5 {would be ideal but there are some issues
with the h7-pawn.} 14. Nxd5 exd5 (14... Nxd5 $2 15. Bxh7+ Kh8 16. Be5 $16) 15.
Ne3 $14 {with a very pleasant position for White.}) (13... Bd7 {simply
developing would be a good choice.} 14. Ne5 Rc8 15. Qe2 Nbd5 16. Nxd5 Nxd5 $11
{Black looks pretty comfortable.}) 14. Bxc4 $14 {[%csl Gc2,Gc3,Gc4,Gd1,Gf4] A
few moves ago we said that the white pieces looked pretty disorganised. Have a
look at them now. They are all so perfectly placed. White has a very pleasant
advantage.} Qb6 {From this point onwards, Mamedyarov's play is worth studying.}
15. Rfe1 $1 {Bringing the last undeveloped piece into the game.} Re8 (15... Rd8
16. d5 $36 {with a clear initiative thanks to the central breakthrough.}) (
15... Bd7 {was the last chance to somehow finish the development but it would
also be met with} 16. d5 $1 $36) 16. Nb5 $1 {A fork on c7 is threatened.} Nd5 (
16... Bd8 17. Re3 a6 18. Nd6 Rf8 19. Rb3 $16 {Look at how the white pieces are
simply crawling over the black position.}) 17. Bxd5 Qxb5 (17... exd5 18. Nc7
$18) 18. Be4 $1 {A threat to the h7-pawn.} g6 (18... f5 19. Bd3 $18 {[%csl Re6]
The e6-pawn would be very weak.}) (18... h6 19. Re3 $40 {would launch a strong
attack on the black king.}) 19. Re3 $1 {Fantastic move! The rook is perfect on
the third rank. Not only can it go to the kingside but it can also swing over
to the queenside and create quite some damage.} a5 {Not seeing anything good
that can be done, Gretarsson comes up with the idea of playing a5-a4 in order
to take away the b3-square from the rook. He can then develop his bishop to d7.
But this is just too slow.} (19... Bd7 20. Rb3 $16 {loses a pawn.}) 20. Be5 {
Trying to probe the Black kingside.} a4 (20... f6 21. Bxg6 $1 fxe5 22. Bxh7+
Kh8 23. Rh3 $18) 21. Rg3 {The threat now is to sacrifice a few things on g6!}
f5 {This is sort of forced but now the e5-bishop can never be dislodged.} 22.
Bd3 Qd7 (22... Qc6 23. Qd2 $18 {[%cal Gd2h6]}) 23. Qe2 {Threatening Bb5.} Bh4 (
23... Ra5 24. Qd2 {[%cal Gd2a5,Gd2h6]} Bd8 25. h4 $18 {with a powerful attack.}
) 24. Bb5 Qe7 25. Rc3 $1 {The rook is threatening to infiltrate on c7.} Bd7 26.
Bxd7 {After Black takes the bishop, the rook comes in on c7 and combined with
the bishop, it will soon end in mate. I agree that Gretarsson's play was not
the best, yet the simplicity with which Mamedyarov played and won this game
was amazing. His moves were such that they could be easily understood but they
are extremely difficult to imitate. This is the sign of a true genius!} 1-0

[Event "London Classic 7th"]
[Site "London"]
[Date "2015.12.10"]
[Round "6"]
[White "Topalov, Veselin"]
[Black "Adams, Michael"]
[Result "1/2-1/2"]
[WhiteElo "2803"]
[BlackElo "2744"]
[Annotator "Sagar Shah/CB Website"]
[PlyCount "93"]
[EventDate "2015.12.04"]
[EventType "tourn"]
[EventRounds "9"]
[EventCountry "ENG"]
[EventCategory "22"]
[SourceTitle "CBM 170"]
[Source "ChessBase"]
[SourceDate "2016.01.15"]
[SourceVersion "1"]
[SourceVersionDate "2016.01.15"]
[SourceQuality "1"]

1. d4 Nf6 2. c4 e6 3. Nf3 d5 4. Nc3 Be7 5. Bf4 O-O 6. e3 Nbd7 7. c5 c6 8. h3 b6
9. b4 a5 10. a3 h6 11. Bd3 Ba6 12. Bxa6 Rxa6 13. O-O Qc8 14. Rb1 axb4 15. axb4
Qb7 16. Ne1 Rfa8 17. Nc2 R6a7 18. f3 Qc8 19. Qd3 bxc5 20. bxc5 e5 21. dxe5 Nxc5
22. Qd2 Nfd7 23. Nd4 Ne6 24. Rfc1 Nxf4 25. exf4 Bc5 26. Kh2 Bxd4 27. Qxd4 Nf8
28. Qd2 Ng6 29. Rb2 Qd7 30. Ne2 Ra4 31. Rbc2 R8a6 32. Nd4 {White already has
the much more pleasant position here. He is attacking the c6-pawn and Black
doesn't have many ways to defend it.} Ne7 $2 {Adams forgot about the move Nb3
here: it sets up a deadly threat of a Nc5 fork and this cannot be stopped.} (
32... Rc4 {was relatively best giving up a pawn but retaining decent chances.}
33. Rxc4 dxc4 34. Rxc4 c5 35. Rxc5 Ra4 36. Nb3 Qxd2 37. Nxd2 Nxf4 $16 {It will
be touch and go between White winning this one and a draw.}) 33. Nb3 $1 Qf5 34.
Nc5 Ra8 35. Nxa4 Rxa4 {White can win in a variety of ways from here and that
could well be the reason why Topalov went wrong after a few moves. Maybe he
thought he could play the way he liked.} 36. g3 (36. g4 $5 Qxf4+ 37. Qxf4 Rxf4
38. Kg3 g5 39. Ra2 $18 {would have lead to a winning position for White.})
36... g5 37. fxg5 hxg5 38. Re1 $6 Ng6 39. e6 $6 {At this point Topalov thought
that he could play just about anything and win the game. However that is not
the case as we shall see in the game.} fxe6 40. Rxc6 Ne5 41. Rc8+ Kf7 42. Rf1
Nxf3+ 43. Rxf3 Qxf3 44. Qc2 {This looks extremely dangerous for Black but
surprisingly he can defend the position with the only move here.} Kg7 $1 45.
Qxa4 (45. Rc7+ Kf6 $11) 45... Qf2+ 46. Kh1 Qf1+ 47. Kh2 1/2-1/2

[Event "Solin 7th"]
[Site "Solin"]
[Date "1999.12.17"]
[Round "8"]
[White "Nikolac, Juraj"]
[Black "Dizdarevic, Emir"]
[Result "0-1"]
[WhiteElo "2475"]
[BlackElo "2527"]
[Annotator "Schluricke,R"]
[PlyCount "86"]
[EventDate "1999.12.10"]
[EventType "tourn"]
[EventRounds "9"]
[EventCountry "CRO"]
[EventCategory "13"]
[SourceTitle "CBM 075"]
[Source "ChessBase"]
[SourceDate "2000.04.05"]
[SourceVersion "1"]
[SourceVersionDate "2000.04.05"]
[SourceQuality "1"]

1. c4 e6 2. Nf3 d5 3. d4 c6 4. Nc3 Nd7 5. Bf4 Ngf6 6. e3 Bb4 7. a3 Bxc3+ 8.
bxc3 Qa5 9. Qb3 O-O 10. Bd6 Re8 11. Bd3 dxc4 12. Bxc4 Ne4 13. Bb4 Qc7 14. Bd3
Nef6 15. a4 c5 16. Ba3 b6 17. O-O Bb7 18. Rfe1 Bxf3 19. gxf3 e5 20. Bc4 Re7 21.
d5 Ne8 22. e4 Nf8 23. Bc1 Nd6 24. Kh1 Ng6 25. Rg1 Rf8 26. Ra2 f5 27. Bf1 Ref7
28. Bh3 Kh8 29. exf5 Nxf5 30. Qd1 Qd6 31. a5 Nfh4 32. axb6 axb6 33. Be3 Rxf3 (
33... Nxf3 34. Rg3 e4) 34. Be6 R3f6 35. c4 $2 (35. Qg4 $142) 35... Nf3 36. Rg3
Nd4 37. Bh3 Nf4 38. Ra7 Rg6 39. Rd7 Qf6 40. Bf1 Qf5 41. Re7 $4 (41. Rxg6) 41...
Rxg3 $2 (41... Qe4+ $1 42. Kg1 Nf3+ 43. Kh1 Ng5+ 44. Bg2 Nxg2 45. Rxg2 Nh3 46.
f3 (46. Qf1 Qf3 {[%cal Yf3d1,Rg6g2]} 47. Rxe5 Rxg2 48. Qxg2 Qd1+) 46... Qxe3
$18) 42. hxg3 Ng6 43. Rb7 Nf3 $19 {[%cal Rf5h5]} 0-1

[Event "Sinquefield Cup 4th"]
[Site "Saint Louis"]
[Date "2016.08.08"]
[Round "4"]
[White "Nakamura, Hikaru"]
[Black "Topalov, Veselin"]
[Result "1/2-1/2"]
[WhiteElo "2791"]
[BlackElo "2761"]
[Annotator "Schulz,Andre"]
[PlyCount "83"]
[EventDate "2016.08.05"]
[EventType "tourn"]
[EventRounds "9"]
[EventCountry "USA"]
[EventCategory "22"]
[SourceTitle "CBM 174"]
[Source "ChessBase"]
[SourceDate "2016.09.13"]
[SourceVersion "1"]
[SourceVersionDate "2016.09.13"]
[SourceQuality "1"]

1. d4 Nf6 2. c4 e6 3. Nf3 d5 4. Nc3 Be7 5. Bf4 O-O 6. Qc2 {Den Zug sieht man
an dieser Stelle nicht so oft.} ({Beim Kandidatenturnier in Moskau geschah mit
vertauschten Farben.} 6. a3 c5 7. dxc5 Bxc5 8. e3 Nc6 9. cxd5 exd5 10. b4 d4
11. exd4 Bxd4 12. Nxd4 Nxd4 13. Be3 Nf5 14. Qxd8 Rxd8 15. Be2 Nxe3 16. fxe3 Ng4
17. e4 Be6 18. O-O Ne3 19. Rfc1 Rd2 20. Bf3 Rad8 21. e5 b6 22. Ne4 Rb2 23. Re1
Nc4 24. Ng5 h6 25. Nxe6 fxe6 26. Rac1 Rd4 27. h3 b5 28. Rc3 Rdd2 29. a4 a6 30.
Bb7 Nb6 31. axb5 axb5 32. Be4 Nc4 33. Rg3 Re2 34. Ra1 Nxe5 35. Ra8+ Kf7 36. Bh7
g5 37. Bg8+ Kf6 38. Rf8+ Kg7 39. Re8 Ng6 40. Bxe6 Nf4 {0-1 (40) Topalov,V 
(2780)-Nakamura,H (2790) Moscow 2016}) ({Die Hauptvariante beginnt mit} 6. e3)
6... c5 7. dxc5 Na6 {Danach erhält die Partie einen eigenen Charakter.} ({Nach
} 7... Bxc5 8. e3 Nc6 {wäre durch Zugumstellung wieder die Hauptvariante auf
dem Brett.}) 8. Rd1 Nxc5 9. cxd5 Nxd5 $5 {(#) Einladung zu einer
Tauschoperation.} (9... exd5 10. e3 {mit einer typischen Isolanistellung.}) 10.
e4 {Nimmt die Einladung an.} ({Im Falle von} 10. Nxd5 exd5 {wäre} 11. e3 $2 {
nicht so gut:} (11. a3 Be6 12. e3 Rc8 {mit deutlichem schwarzem
Entwicklungsvorsprung.}) 11... Qa5+ {und falls} 12. Qd2 $2 {so} (12. Nd2 Bg4
$17) 12... Nd3+ 13. Bxd3 (13. Ke2 Nxf4+ 14. exf4 Bb4 $19) 13... Bb4 $19) 10...
Nxf4 11. Rxd8 Rxd8 {Schwarz hat Läufer und Turm für die Dame bekommen und
steht mit seinen Springern recht aktiv.} 12. Ne5 (12. g3 Nfd3+ 13. Bxd3 Nxd3+
14. Kf1 b6 15. Kg2 Bb7 16. Rd1 Nc5 {kam ebenfalls in Betracht.}) 12... Bf6 13.
Nb5 b6 14. b4 (14. Nc6 Rd7 15. e5 {funktioniert nicht wegen} Bb7 (15... Bd8 $2
16. Nd6 {wäre natürlich schön für Weiß.})) 14... Bxe5 ({Nicht} 14... Na6
$2 15. Nc6 Rf8 16. e5 Bd8 17. Nd6 {mit unangenehmen weißen Vorposten.}) 15.
bxc5 a6 (15... bxc5 16. g3 Ng6 17. f4 a6 $11) 16. Nd6 bxc5 (16... Bd4 $5 {
mit der Idee} 17. Nxc8 Bxc5) 17. Nc4 Bd4 {Mit diesem Anker erhält die
schwarze Stellung große Stabilität, während Weiß seine Entwicklung immer
noch nicht abgeschlossen hat.} 18. g3 Ng6 19. Be2 Bd7 20. O-O Bb5 21. Na5 Ne5
22. Rd1 Rab8 23. Kg2 Bxe2 24. Qxe2 Rb5 25. Nb3 h6 26. Rd2 Nc6 27. Qc4 e5 28. a4
Rb4 29. Qxa6 {Ein kleiner, aber sehr flüchtiger Erfolg. Der weiße
a-Freibauer wird durch den schwarzen c-Bauern neutralisiert.} Rxb3 30. Qxc6 Ra3
31. Qa6 Rb8 32. a5 c4 33. Qxc4 Rxa5 34. Kh3 Rc5 35. Qe2 Rcb5 36. f4 Rb4 37. Qd1
Rb1 38. Qh5 R1b5 39. Qe2 Rb4 40. Qd1 Rb1 41. Qh5 R1b5 42. Qd1 1/2-1/2

[Event "Bundesliga 1516"]
[Site "Germany"]
[Date "2015.09.20"]
[Round "2.5"]
[White "Babula, Vlastimil"]
[Black "Maiwald, Jens Uwe"]
[Result "1-0"]
[WhiteElo "2554"]
[BlackElo "2452"]
[Annotator "Schulz,Andre"]
[PlyCount "41"]
[EventDate "2015.09.18"]
[EventType "team-tourn"]
[EventRounds "15"]
[EventCountry "GER"]
[SourceTitle "EXT 2016"]
[Source "ChessBase"]
[SourceDate "2015.10.08"]
[SourceVersion "1"]
[SourceVersionDate "2015.10.08"]
[SourceQuality "1"]
[WhiteTeam "Werder Bremen"]
[BlackTeam "Dresden TU"]
[WhiteTeamCountry "GER"]
[BlackTeamCountry "GER"]

1. d4 d5 2. c4 e6 3. Nc3 Nf6 4. Nf3 Nbd7 5. Bf4 Bb4 6. e3 c5 7. Be2 Ne4 8. Rc1
O-O 9. O-O Bxc3 10. bxc3 Nb6 11. Qc2 Bd7 12. cxd5 exd5 13. c4 Ba4 14. Qb1 Rc8
15. cxd5 Qxd5 16. dxc5 Nxc5 17. Nd4 Qd7 18. Bb5 Bxb5 19. Nxb5 {[#]} Ne6 (19...
Ne4 20. Nxa7 Rxc1 21. Rxc1 Qe6 {ist nicht schön, war aber das kleinere Übel.}
) 20. Rcd1 Nd5 21. Bd6 (21. Bd6 a6 22. Bxf8 {und falls} axb5 {dann nicht} 23.
e4 ({Einfacher ist} 23. Ba3) 23... Nef4 24. Qb2 {sondern} ({um mit} 24. exd5 $2
{noch auf einen Schwindel reinzufallen:} Qg4 25. g3 Ne2+ 26. Kg2 (26. Kh1 Qf3#)
26... Nf4+ 27. Kg1 $11) 24... Rxf8 25. exd5 $18) 1-0

[Event "IND-ch 52nd"]
[Site "Kottayam"]
[Date "2014.12.12"]
[Round "7"]
[White "Sethuraman, SP."]
[Black "Sengupta, Deep"]
[Result "1-0"]
[WhiteElo "2622"]
[BlackElo "2566"]
[Annotator "Sethuraman,SP"]
[PlyCount "95"]
[EventDate "2014.12.05"]
[EventType "tourn"]
[EventRounds "13"]
[EventCountry "IND"]
[EventCategory "10"]
[SourceTitle "CBM 164"]
[Source "ChessBase"]
[SourceDate "2015.01.15"]
[SourceVersion "1"]
[SourceVersionDate "2015.01.15"]
[SourceQuality "1"]

{Before this round my friend Deep was leading the Indian Premier championship,
so this game was very crucial for both of us.} 1. c4 e6 2. d4 Nf6 3. Nf3 d5 4.
Nc3 Be7 {The QGD was unexpected. Since we have more or less worked together
for quite some time it was never easy to anticipate the opening choice of my
opponent!} 5. Qc2 $5 {An interesting choice inspired by the game Kramnik-
Inarkiev from the Petrosian Memorial 2014.} c5 (5... O-O 6. Bg5 c5 7. dxc5 dxc4
8. e4 Nfd7 9. Bf4 b5 10. cxb6 Nxb6 11. Rd1 Qe8 12. Be2 Na6 13. Ne5 Nb4 14. Qc1
Ba6 15. a3 Nc6 16. b4 Bf6 17. Nf3 Bxc3+ 18. Qxc3 Qc8 19. O-O Bb5 20. Bd6 Rd8
21. e5 h6 22. Nd4 a6 23. Bf3 $16 {1-0 (40) Kramnik,V (2760)-Inarkiev,E (2688)
Moscow RUS 2014}) 6. cxd5 (6. dxc5 {is the way to fight for something} d4 7.
Nb5 e5 {with total chaos all over the board.}) 6... exd5 (6... cxd4 $1 {
was the right way to equalise} 7. Nxd4 (7. Qa4+ {During the game I thought I
had this extra option like in the Tarrasch with 1.d4 Nf6 2.c4 e6 3.Nf3 d5 4.
Nc3 c5 5.cxd5 cxd4 6.Qa4+ Bd7 7.Qxd4, but here it is completely different and
Black has good compensation after} Bd7 8. Qxd4 exd5 9. Nxd5 Qa5+ 10. Nc3 Nc6
11. Qd1 O-O 12. Bd2 Rfd8 $36) 7... O-O $1 8. Bg5 Nxd5 9. Bxe7 Nxe7 $11) 7. dxc5
d4 8. Na4 (8. Ne4 O-O 9. Nxf6+ Bxf6 10. e4 Nc6 $36) 8... Nd5 $6 (8... Nc6 9. e3
O-O 10. a3 Re8 11. Be2 {with a normal game.}) 9. a3 Bf6 10. e4 dxe3 11. fxe3
Bd7 12. Bc4 (12. e4 Qa5+ 13. Bd2 Ne3 $1 14. Qb3 Nxg2+ 15. Bxg2 Qxa4 16. Qxb7
O-O {was not so clear.}) (12. Bd2 O-O 13. Bc4 Qe8) 12... Qa5+ 13. Bd2 Qxa4 14.
Qxa4 Bxa4 15. Bxd5 Bc6 16. e4 (16. Bxc6+ {was much simpler:} Nxc6 17. O-O-O
O-O-O 18. Kc2 $14) 16... Nd7 (16... Bxb2 17. Rb1 Bxa3 18. Rxb7 Bxd5 (18... O-O
19. Be3 {[%csl Ra3,Gc5]} (19. Bxc6 Nxc6 20. Rb3 Rfb8 $1)) 19. exd5 Bxc5 20. Ng5
Na6 $1 {[%cal Ge8c8] I completely missed this move in my calculations with the
idea of long castling. I would have been in a complete panic if my opponent
had played 16...Bb2, cursing myself for not going 16.Bxc6 which was much
simpler, with an extra pawn.} (20... O-O 21. Rf1 Na6 22. Rfxf7) 21. Rf1 O-O-O
22. Rfxf7 Rxd5) 17. Bxc6 bxc6 18. O-O-O Nxc5 19. Bb4 $14 Ne6 (19... Be7 20. Ne5
Rc8 21. Rhe1 Rc7 (21... O-O 22. Bxc5 Bxc5 23. Nd7) (21... f6 22. Nc4) 22. Kc2)
20. Bd6 {[%csl Re8] Although White has no clear plan to convert his advantage,
practically it is very unpleasant for Black to play this position with his
king stuck in the centre and with the pawn on c6.} h5 21. Rd3 {The doubling of
rooks on the d-file was unnecessary since it leads nowhere.} (21. Rhe1 $142 {
[%cal Ge1e3,Ge3b3,Gb3b7]} Rh6 22. Re3 Rg6 23. g3 Rg4 (23... Rd8 24. e5 Be7 25.
Rb3) 24. h3 Rg6 25. Rb3) 21... Rh6 22. Rhd1 Rg6 23. g3 Rg4 24. e5 (24. Re1 {
maintaining the tension. Maybe not hurrying with e5} Rd8 25. Kc2) (24. Nd2 Bg5)
24... Bd8 25. Kb1 {This is the move you play if you don't know what to do:)}
Bb6 26. Nh4 $6 (26. Nd2 $142 Rd4 27. Rxd4 Bxd4 28. Nc4) 26... Nd4 $6 (26... Re4
27. Nf5 Rd8 (27... g6 28. Ne7 $1 c5 (28... Nd4 29. Ng8 $1 {beautiful!}) 29. Nd5
)) (26... g6 27. Rc1 (27. Nf3 O-O-O) 27... c5) 27. Re1 $1 {[%csl Rg4]
Restricting the rook on g4.} c5 28. h3 Rg5 29. Re4 Nf5 30. Nxf5 Rxf5 31. g4
hxg4 32. hxg4 Rf1+ 33. Ka2 g5 $2 {A fatal mistake in time trouble after which
the game ends.} (33... O-O-O 34. Rc3 Kb7 35. Bxc5 $16) (33... Rc8 $142 $14) 34.
e6 $1 fxe6 35. Rxe6+ Kf7 (35... Kd7 36. Rg6 $16) 36. Re7+ Kg8 37. Rd5 Rd8 38.
Rxg5+ Kf8 39. Rd7+ Ke8 40. Re7+ Kf8 41. Re1+ Rxd6 42. Rxf1+ Ke8 43. Rg8+ Kd7
44. g5 Rd2 45. g6 Rg2 46. Rf7+ Kd6 47. g7 c4 48. Rb8 {I took over the lead and
held on to it till the last round.} 1-0